00499nam a2200181 a 4500001001300000003000900013005001700022008004100039020001000080082001600090100002600106245005800132260004900190300000800239500003500247505001000282650002500292nice12345678IN_TiNIC20260116012850.0050524s0000 hyda grp 000 0 eng  ac10000a340.59bQUT aQutubuddin, Syed Shah aPolygamy and Islam and the Wives of the Holy Prophet. aHyderabadbAllindiamashaiq Associationc0000 a17p aincludes index and biblioraphy2 aIndex aIslamic-Law Polygamy